Tân giáo trình Hán ngữ

Salvato in:
Dettagli Bibliografici
Natura: Libro
Tags: Aggiungi Tag
Nessun Tag, puoi essere il primo ad aggiungerne! !
Thư viện lưu trữ: Mạng thư viện Đại học Đà Nẵng
LEADER 00468nam a2200181 4500
001 000009732
003 5930
005 20150812140856.0
008 111101s sd
245 0 0 |a Tân giáo trình Hán ngữ  |c Trương Văn Giới (Dịch) 
OWN |a LSP 
999 |a From the UDN01 
TYP |a Monograph 
TYP |a Printed language 
980 |a Mạng thư viện Đại học Đà Nẵng